La impugnación del gasto al agente de retención que omitió actuar como tal es un castigo (Registro nro. 19631)
[ vista simple ]
| 000 -LEADER | |
|---|---|
| fixed length control field | 00407 a2200121 4500 |
| 001 - CONTROL NUMBER | |
| control field | ART_37908 |
| 005 - DATE AND TIME OF LATEST TRANSACTION | |
| control field | 20260410161750.0 |
| 008 - FIXED-LENGTH DATA ELEMENTS--GENERAL INFORMATION | |
| fixed length control field | 260409a |
| 100 1# - MAIN ENTRY--PERSONAL NAME | |
| Personal name | Caranta, Martín R. |
| 245 10 - TITLE STATEMENT | |
| Title | La impugnación del gasto al agente de retención que omitió actuar como tal es un castigo |
| 700 1# - ADDED ENTRY--PERSONAL NAME | |
| Personal name | Cantisano, Federico |
| 773 0# - HOST ITEM ENTRY | |
| Title | Doctrina tributaria |
| Related parts | - Nº 430 (ene. 2016) |
| Record control number | REV4296 |
No hay ítems disponibles.